Багряний рейд (Запис № 17581)
[ простий вигляд ]
| 000 -Маркер запису | |
|---|---|
| Контрольне поле сталої довжини | 01973nam a22002537a 4500 |
| 003 - Належність контрольного номера | |
| Контрольне поле | Uzh_bibl |
| 008 - Кодовані дані | |
| Контрольне поле сталої довжини | 260430b |||||||| |||| 00| 0 ukr d |
| 020 ## - Індекс ISBN | |
| ISBN | 978-617-12-6049-8 |
| Ціна | 78.00 |
| 040 ## - Джерело каталогіз. | |
| Код мови каталог. | укр. |
| 041 ## - Код мови видання | |
| Код мови оригіналу | українська |
| Код мови тексту | українська |
| 080 ## - Індекс УДК | |
| Індекс УДК | 821(477) |
| 090 ## - Шифри | |
| Поличний індекс | 821(477) |
| Авторський знак | К 59 |
| 100 ## - Автор | |
| Автор | Кокотюха , Андрій |
| 245 ## - Назва | |
| Назва | Багряний рейд |
| Відповідальність | передм.І.Патриляка |
| Фізичний носій | Текст |
| 260 ## - Вихідні дані | |
| Місце видання | Харків |
| Видавництво | Книжковий Клуб "Клуб Сімейного Дозвілля" |
| Дата видання | 2019 |
| 300 ## - Фізичний опис | |
| Обсяг | 288 с. |
| Тип одиниці | В опр. |
| 520 ## - Анотація | |
| Анотація | Максим Коломієць, колишній радянський міліціонер, потім — в’язень ГУЛАГу та диверсант, волею долі потрапляє у волинські ліси та приєднується до українських повстанців. У цьому романі Коломієць — уже командир відділу УПА на псевдо Східняк. А східнякам в УПА не дуже довіряють. Проте ніхто, крім Коломійця, не може очолити бойову групу, яка вирушає в небезпечний рейд з Волині на Київщину. Тут, у радянському тилу, повстанці мають вести агітацію й готувати диверсії. Не всі дійдуть до місця живими. Не всі виживуть у сутичці з загонами НКВС. А ті, хто вижив, помстяться за смерть побратимів. |
| 521 ## - Примітка про цільове призначення | |
| Примітка про цільове призначення | 18+Обережно!Ненормативна лексика! |
| 546 ## - Примітка про мову | |
| Примітка про мову | укр. |
| 650 ## - Тематичні рубрики | |
| Основна рубрика | Літературно-художнє видання |
| 653 ## - Ключові слова | |
| Ключові слова | Підпілля |
| -- | Повстанці |
| -- | Диверсії |
| 655 ## - Термін індексування — жанр/форма | |
| Жанр/форма | Історична проза |
| Типове ділення | Роман |
| 942 ## - ADDED ENTRY ELEMENTS (KOHA) | |
| Джерело класифікації чи схема поличного розташування | |
| Koha item type | Книги |
| Статус вилучення | Статус втрати/відсутності | Джерело класифікації чи схема поличного розташування | Статус пошкодження | Тип обігу (не для випозичання) | Постійне розташування | Поточне розташування | Розташування у відділі | Дата надходження | Інвентарний номер | Total Checkouts | Повний (примірниковий) шифр зберігання | Штрих-код | Date last seen | Дата, для якої чинна ціна заміни | Тип одиниці (рівень примірника) |
|---|---|---|---|---|---|---|---|---|---|---|---|---|---|---|---|
| Бібліотека-філія №3 | Бібліотека-філія №3 | Абонемент старший відділ | 30/04/2026 | 71809 | 821(477) | 4154 | 30/04/2026 | 30/04/2026 | Книги |